000
00320nam a2200133Ia 4500
008
230917s9999||||xx |||||||||||||| ||und||
040
_e
88626
_a
MAIN
041
_a
English
082
_a
301.446 B469B
245
0
_a
Bharat ke aadivasi
260
_a
London
_b
Minority Rights Groups
_c
2001
300
_a
107 p.
942
_c
BK
999
_c
81719
_d
81719